=LDR 00000nam 2200000 4500 =001 INLIS000000000061342 =005 20221007030018 =035 ##$$a 0010-1022000083 =007 ta =008 221007###########################0###### =082 ##$$a 610.734.07 =084 ##$$a 610.734.07 NUR b =100 #$$a Nurwahidah =245 1#$$a Buku pedoman praktek keperawatan medikal bedah I (PK II) / Nurwahidah =260 ##$$a Mataram :$b Poltekes Kemenkes Mataram,$c 2021 =300 ##$$a vi, 97 halaman ; $c 20 cm =650 #4$$a Perawat dan keperawatan bedah-study dan pengajaran =990 ##$$a 23842384 =990 ##$$a 566/51/2022